Austria or Hungary? - Statistics

General Stats
  • This quiz has been taken 219 times
  • The average score is 7 of 10
Answer Stats
Question Answer % Correct
Which country is home to the landmark; Schönbrunn Palace? Austria
96%
Which of the following cities are in Austria? Graz
93%
Which of the following cities are in Hungary? Sopron
82%
Has a larger land area? Hungary
75%
Which is not landlocked? Neither
72%
Whose capital has a greater population? Austria
67%
Has a smaller population? Austria
60%
How many other countries does Hungary border? 7
53%
How many other countries does Austria border? 8
42%
Which country has a greater population than Belarus? Hungary
17%
No matching quizzes found
Score Distribution
Percent of People with Each Score
Percentile by Number Answered
Your Score History
You have not taken this quiz